000 00789nam a22002417a 4500
008 081212t xxu||||| |||| 00| 0beng d
010 _aENG-99078
020 _c140.00
_a9789350012093
035 _aEN-82610
037 _bDBAD / PUB
040 _adpl
_bEnglish
082 _a530
100 _93724
_aGokulakannan, R.
245 _aA text book of modern physics /
_cby R. Gokulakannan
260 _aPerambalur
_bMercury Printers & Publishers
_c2009
270 _bPerambalur
_e621212
300 _a197p.
_c22cm (pbk)
600 _aBaba Visakha Singh
_xBiography.
_93725
650 _aPhysics
_99374
700 _96162
942 _2ddc
_cEN
_mGOK
_h530
999 _c40366
_d40366